00397cam a2200169ua 45000010005000000080039000050200018000440400009000620410008000710820010000791000023000892450034001122500009001462600033001553000010001886530029001989037150220n ii |||gr||||Z||||||asm a9789380454139 cMAIN aasm a294.5 aDeka, P.,eAuthor.1 aDharmar prantatwacBy P. Deka a1st. aGuwahati:bAank-bank,c2010. a128p. aReligions ofIndic origin